| 000 | 00769nam a2200205 a 4500 | ||
|---|---|---|---|
| 005 | 20160115040752.0 | ||
| 008 | 140313b2003 ck ||||| |||| 00| 0 spa d | ||
| 040 |
_aCO-BoIAVH _cCO-BoIAVH |
||
| 041 | 0 | _aspa | |
| 044 | _ack | ||
| 082 | 0 | 4 |
_a338.9 _bC82f |
| 110 | 2 | _bCorporación Autónoma Regional del Centro de Antioquia | |
| 245 |
_aFuentes de financiación para proyectos de producción más limpia / _cCorporación Autónoma Regional del Centro de Antioquia |
||
| 260 |
_aMedellín : _bCorporación Autónoma Regional del Centro de Antioquia , _c2003. |
||
| 300 |
_a15 fichas ; _c28 x 22 cm. _eCarpeta. |
||
| 650 | 6 | _aProducción limpia | |
| 650 | 6 | _aFinanciación de proyectos ambientales | |
| 650 | 4 | _aPrestamo | |
| 942 |
_cLIBRO _2ddc |
||
| 999 |
_c4071 _d4071 |
||